| 000 | 00439nam a2200145Ia 4500 | ||
|---|---|---|---|
| 008 | 210430s9999 xx 000 0 und d | ||
| 020 | _a978-1-25-902559-4 | ||
| 082 | _a660.2815 M 298 P | ||
| 100 | _aThomas E.Marlin | ||
| 245 |
_aProcess Control Designing Processes and Control Systems for Dynamic Performance / _cThomas E.Marlin |
||
| 250 | _a2nd edition | ||
| 260 |
_aIndia _bMcGRAW-Hill _c2000 |
||
| 300 | _a1017p | ||
| 942 |
_cBK _2ddc |
||
| 999 |
_c565071 _d565071 |
||